Introducción a la lógica

Guardat en:
Dades bibliogràfiques
Autor principal: Menne, Albert (autor)
Format: Llibre
Idioma:espanyol
Publicat: Madrid Gredos 1969
Col·lecció:Biblioteca Hispánica de Filisofía, 62
Matèries:
Etiquetes: Afegir etiqueta
Sense etiquetes, Sigues el primer a etiquetar aquest registre!

MARC

LEADER 00000nam a2200000 a 4500
001 UCZ3586
003 CL-VaPUC
008 951027e19690000SP |||||||||||||||||spa|d
082 0 4 |a 160  |b MEN  |2 21 
100 |a Menne, Albert  |e autor  |9 347381 
245 1 0 |a Introducción a la lógica 
300 |a 214 p 
942 |c BK 
945 |d 19951027 00:00:00  |a rleighto 
260 |a Madrid  |b Gredos  |c 1969 
650 0 |a Filosofía   |9 223554 
650 0 |a Lógica  |9 256849 
583 |a last modification  |c 19951027 00:00:00  |k Rodrigo Vera 
490 0 |a Biblioteca Hispánica de Filisofía, 62 
999 |c 240045  |d 240043 
952 |0 0  |1 0  |4 0  |6 160_000000000000000_MEN_1969  |7 0  |8 A  |9 251636  |a BIBEDU  |b BIBEDU  |d 2019-11-18  |i 3127346  |o 160 MEN 1969  |p 3127346  |r 2019-11-18  |w 2019-11-18  |y BK  |k FIL